Conceptions contemporaines du droit / 1
| Tipo de documento: | Print Libro |
|---|---|
| Lenguaje: | Inglés Alemán Francés |
| Publicado: |
Wiesbaden
Steiner
1982
|
| En: |
Conceptions contemporaines du droit (Basel, 27/8/1979 - 1/9/1979) = Contemporary conceptions of law = Zeitgenössische Rechtskonzeptionen
Año: 1982 |
| Verificar disponibilidad: | HBZ Gateway |
| Servicio de pedido Subito: | Pedir ahora. |
| Volúmenes / Artículos: | Mostrar volumes / artículos. |
MARC
| LEADER | 00000cam a2200000 cc4500 | ||
|---|---|---|---|
| 001 | 107908326X | ||
| 003 | DE-627 | ||
| 005 | 20240425191012.0 | ||
| 007 | tu | ||
| 008 | 850101s1982 xx ||||| 00| ||eng c | ||
| 020 | |a 3515037748 | ||
| 035 | |a (DE-627)107908326X | ||
| 035 | |a (DE-576)00908326X | ||
| 035 | |a (DE-599)BSZ00908326X | ||
| 035 | |a (OCoLC)310717836 | ||
| 040 | |a DE-627 |b ger |c DE-627 |e rakwb | ||
| 041 | |a eng |a ger |a fre | ||
| 084 | |a 1 |2 ssgn | ||
| 084 | |a PI 2050 |2 rvk |0 (DE-625)rvk/136540: | ||
| 084 | |a PI 2000 |2 rvk |0 (DE-625)rvk/136539: | ||
| 245 | 0 | 0 | |a Conceptions contemporaines du droit |n 1 |c Paul Trappe, ed. par autoris. de la Sect. Suisse de l'IVR |
| 264 | 1 | |a Wiesbaden |b Steiner |c 1982 | |
| 300 | |a XIII, 702 S. | ||
| 336 | |a Text |b txt |2 rdacontent | ||
| 337 | |a ohne Hilfsmittel zu benutzen |b n |2 rdamedia | ||
| 338 | |a Band |b nc |2 rdacarrier | ||
| 490 | 1 | |a Actes / IVR ... Congrès Mondial |v 9 | |
| 490 | 1 | |a Archiv für Rechts- und Sozialphilosophie |a Supplementa |v 1,1 | |
| 583 | 1 | |a Archivierung/Langzeitarchivierung gewährleistet |f SSG |x XA-DE-BW |2 pdager |5 DE-21 | |
| 773 | 1 | 8 | |a Conceptions contemporaines du droit (Basel, 27/8/1979 - 1/9/1979) = Contemporary conceptions of law = Zeitgenössische Rechtskonzeptionen |w (DE-627)1079083251 |w (DE-576)009083251 |g 1 |q 1 |7 nnam |
| 810 | 2 | |a Internationale Vereinigung für Rechts- und Sozialphilosophie |t Proceedings of the ... world congress of the International Association for Philosophy of Law and Social Philosophy (IVR) |v 9 |9 9,1 |w (DE-627)129574945 |w (DE-576)029347947 |w (DE-600)230156-8 |7 am | |
| 830 | 0 | |a Archiv für Rechts- und Sozialphilosophie |n Supplementa |v 1,1 |9 1,1 |w (DE-627)129919284 |w (DE-576)015341208 |w (DE-600)345064-8 |7 am | |
| 935 | |a mteo | ||
| 936 | r | v | |a PI 2050 |b Sammelwerke, Kongressberichte |k Rechtswissenschaft |k Allgemeine Rechtslehre und Rechtstheorie, Rechts- und Staatsphilosophie, Rechtssoziologie |k Allgemeines |k Sammelwerke, Kongressberichte |0 (DE-627)1271265710 |0 (DE-625)rvk/136540: |0 (DE-576)201265710 |
| 936 | r | v | |a PI 2000 |b Reihen |k Rechtswissenschaft |k Allgemeine Rechtslehre und Rechtstheorie, Rechts- und Staatsphilosophie, Rechtssoziologie |k Allgemeines |k Reihen |0 (DE-627)1271265702 |0 (DE-625)rvk/136539: |0 (DE-576)201265702 |
| 951 | |a MV | ||
| ELC | |b 1 | ||
| LOK | |0 000 xxxxxcx a22 zn 4500 | ||
| LOK | |0 001 2772248445 | ||
| LOK | |0 003 DE-627 | ||
| LOK | |0 004 107908326X | ||
| LOK | |0 005 20260223105616 | ||
| LOK | |0 008 131107||||||||||||||||ger||||||| | ||
| LOK | |0 040 |a DE-21-110 |c DE-627 |d DE-21-110 | ||
| LOK | |0 852 |z Kein Bestand am IfK; Nachweis für KrimDok | ||
| LOK | |0 852 |a DE-21-110 | ||
| LOK | |0 852 1 |m v |9 00 | ||
| LOK | |0 935 |a k110 | ||
| LOK | |0 938 |k v | ||
| LOK | |0 939 |a 07-11-13 |b l01 | ||
| ORI | |a WA-MARC-krimdoka001.raw | ||
| SPR | |a 1 |t KRI | ||
